00730nam a2200241 a 4500001001300000003000900013005001700022008004100039020002300080082001600103100002000119245003600139260004300175300000900218500003500227505003300262650002400295700002000319902000800339942000700347952011700354999001700471nice12345678IN_TiNIC20260116014102.0100713s2006 oxfa grp 000 0 eng  a9781851682959c29500a297.03bNEW aNewby, Gordon D aA Concise Encyclopedia of ISLAM aOxford bOne World Publications c2006 a244p aincludes index and biblioraphy2 aBibliography, Thematic Index aIslam-Encyclopaedia1 aNewby, Gordon D bSRS cBK 001040708StackRoom-aHMIbHMId2010-07-13g295.00l0o297.03 NEWp023299r2010-07-13v295.00w2010-07-13yBK c13812d13812